000 00450nam a2200181Ia 4500
005 20250423095933.0
008 250422s9999 xx 000 0 und d
020 _a9789753153584
050 _aBP 131.8 .G856/
100 _aGülen, M. Fethullah
245 0 _aKur’ân’ın altın ikliminde
260 _aİstanbul
260 _bNil
260 _c2010
300 _a594 p
650 _aKoran -- Commentaries Kur’an -- Tefsir
942 _cBK
999 _c31787
_d31787